| 000 | 00856nam a2200205 i 4500 | ||
|---|---|---|---|
| 001 | 69149 | ||
| 003 | ES-MaACL | ||
| 005 | 20240225063051.0 | ||
| 007 | t| | ||
| 008 | 040915s1974 mx ||||1| spa d | ||
| 100 | 1 |
_aLenin, Vladimir Il'ich, _d1870-1924 _971523 |
|
| 245 | 1 | 0 |
_aEscritos económicos (1893-1899) / _cpor ... Vladimir I. Lenin ; presentación y notas de Fernando Claudin. |
| 260 |
_aMéxico, etc. : _bSiglo Veintiuno, _c[1974] ( _eMadrid : _fClosas Orcoyen) |
||
| 300 |
_a3 v. ; _c18 cm. |
||
| 505 | 8 | _a1. Contenido económico del populismo y su crítica en el libro del señor Struve... 249 p. -- 2. ¿Quienes son los amigos del pueblo?. 240 p. -- 3. Sobre el problema de los mercados. 251 p. | |
| 700 | 0 |
_aClaudín, Fernando. _939089 |
|
| 852 |
_aES-MaACL _jE-6746-8 _bR.90359 |
||
| 942 | _2udc | ||
| 999 |
_c69149 _d69149 |
||